Remember the magic word : a story about saying ... Read More
Available copies
- 1 of 1 copy available at LARL/NWRL Consortium. (Show)
- 1 of 1 copy available at Northwest Regional Library.
Current holds
0 current holds with 1 total copy.
Show Only Available Copies
| Location | Call Number / Copy Notes | Barcode | Shelving Location | Status | Due Date |
|---|---|---|---|---|---|
| Greenbush Public Library | e REM (BOARD BOOK) (Text) | 35500004685861 | Main | Available | - |
Record details
- ISBN: 824921026143
- Physical Description: 1 v. (unpaged) : col. ill. ; 18 cm.
- Publisher: Bath : Parragon, 2009.
Content descriptions
| General Note: | Cover title. On board pages. |
| Summary, etc.: | Elly, the elephant, sometimes forgets her manners ... Read More |
| Target Audience Note: | 002-004. |
Search for related items by subject
| Subject: | Etiquette > Juvenile fiction. Elephants > Juvenile fiction. Etiquette > Fiction. Elephants > Fiction. |
| Genre: | Board books. |
| LDR | 00924cam a2200229Ia 4500 | ||
|---|---|---|---|
| 001 | 119197 | ||
| 003 | LARL_NWRL_CONSORTIUM | ||
| 020 | . | ‡a824921026143 | |
| 245 | 0 | 0. | ‡aRemember the magic word : ‡ba story about saying please and thank you ‡h[Board Book]. |
| 260 | . | ‡aBath : ‡bParragon, ‡c2009. | |
| 300 | . | ‡a1 v. (unpaged) : ‡bcol. ill. ; ‡c18 cm. | |
| 500 | . | ‡aCover title. | |
| 500 | . | ‡aOn board pages. | |
| 521 | 1 | . | ‡a002-004. |
| 520 | . | ‡aElly, the elephant, sometimes forgets her manners but learns how saying "please" can make all the difference. | |
| 650 | 0. | ‡aEtiquette ‡vJuvenile fiction. | |
| 650 | 0. | ‡aElephants ‡vJuvenile fiction. ‡0(LARL_NWRL_CONSORTIUM)164773 | |
| 650 | 1. | ‡aEtiquette ‡vFiction. | |
| 650 | 1. | ‡aElephants ‡vFiction. ‡0(LARL_NWRL_CONSORTIUM)172149 | |
| 655 | 0. | ‡aBoard books. | |
| 901 | . | ‡a119197 ‡bISxN ‡c119197 ‡tbiblio | |

Add to basket
Permalink
Enable Highlighting